Circulares Administrationum Apostolicarum Cassoviensis, Rosnaviensis Et satmariensis in Slovachia
Náboženský (rím. kat.) organizačno-informačný časopis
| Corporate Authors: | , , , , |
|---|---|
| Other Authors: | |
| Format: | Journal |
| Language: | Slovak Latin |
| PhysicalDescription: | 9 roč. 32 x 24 cm |
| Published: |
Prešov
[s.n.]
1940-1943
Prešov Rím.-kat. Apoštolská administratíva v Prešove Košice Rím.-kat. Apoštolská administratíva v Košiciach |
| Subjects: |
MARC
| LEADER | 00000nas a22000001a 4500 | ||
|---|---|---|---|
| 001 | vtls010301099 | ||
| 003 | SK-MaSNL | ||
| 005 | 20260228163157.0 | ||
| 008 | 110810d19401949xo x p r 0 b0slo | ||
| 015 | |a SNBDS17XX9999 | ||
| 015 | |a 0045 |2 Fedor 1939-44 | ||
| 015 | |a 0136 |2 Balúnová 1945-60 | ||
| 038 | |a SNKBUDS | ||
| 040 | |a SNK |b slo |c SNK |e AACR2 | ||
| 041 | 0 | |a slo |a lat | |
| 044 | |a xo |c SK | ||
| 080 | |a 272/273 |2 2001 | ||
| 245 | 0 | 0 | |a Circulares Administrationum Apostolicarum Cassoviensis, Rosnaviensis Et satmariensis in Slovachia |
| 246 | 1 | 3 | |a Circulares Administrationum Apostolicarum Cassoviensis, Rosnaviensis Et satmariensis, Item Dioecesium Cassoviensis Et Rosnaviensis In ČSR |
| 260 | |a Prešov |b [s.n.] |c 1940-1943 | ||
| 260 | 2 | |3 1945-6/II 1946 |a Prešov |b Rím.-kat. Apoštolská administratíva v Prešove | |
| 260 | 3 | |3 7/II 1946-1949 |a Košice |b Rím.-kat. Apoštolská administratíva v Košiciach | |
| 300 | |a 9 roč. |c 32 x 24 cm | ||
| 310 | |a Periodicita sa nedá určiť | ||
| 362 | 0 | |a Č. 1 (1940)-Roč. V, č. 4 (14. 6. 1949) | |
| 500 | |a Vych. v Prešove (nepravidelne); od 7/II (1946) v Košiciach 8-12x ročne | ||
| 500 | |a (Zodp. Jozef Čársky) | ||
| 500 | |a Vyd. od 1945 Rím.-kat. Apoštolská administratúra v Prešove, od 7/(1946) v Košiciach | ||
| 500 | |a Tlač. Kníhtlač. Sv. Mikuláša; od 1/I (1945) Kníhtlačiareň J. Nižník v Prešove; od 7/II (1946) Tlačiareň Alžbeta p. n. s. v Košiciach | ||
| 500 | |a Vydávanie zastavené 14. júna 1949 | ||
| 505 | 8 | 0 | |g Rok 1940 11 čís. po 4 s. + 4 s. (na obálke rok 1939/40) |
| 505 | 8 | 0 | |g Rok 1941 10 čís. po 4 s. + 2 s. |
| 505 | 8 | 0 | |g Rok 1942 9 čís. po 4 s. + 4 s. |
| 505 | 8 | 0 | |g Rok 1943 7 čís. po 4 s. |
| 505 | 8 | 0 | |g Roč. I. 1945 6 č. po 4-7 s. |
| 505 | 8 | 0 | |g Roč. II. 1946 8 č. 50 s. |
| 505 | 8 | 0 | |g Roč. III. 1947 8 č. 50 s. |
| 505 | 8 | 0 | |g Roč. IV. 1948 8 č. 51 s. |
| 505 | 8 | 0 | |g Roč. V. 1949 4 č. 30 s. |
| 520 | |a Náboženský (rím. kat.) organizačno-informačný časopis | ||
| 546 | |a Písaný v slovenskom a latinskom jazyku | ||
| 610 | 2 | 7 | |a Katolícka cirkev |2 SNKBUDS |9 206702 |
| 650 | 0 | 7 | |a náboženstvo |2 SNKPH |9 2023 |
| 655 | 7 | |a katolícke náboženské časopisy |2 SNKBUDS |9 268945 | |
| 700 | 1 | |a Čársky, Jozef, |d 1886-1962 |4 pbd |9 198146 | |
| 710 | 2 | |a Apoštolská administratíva (Prešov, Slovensko) |e vydav. |9 273277 | |
| 710 | 2 | |a Apoštolská administratíva (Košice, Slovensko) |e vydav. |9 273278 | |
| 710 | 2 | |a Sv. Mikuláš, (Prešov, Slovenko) |d 1913-1947 |9 269807 | |
| 710 | 0 | |a Nižník, Jozef (Prešov, Slovensko) |e tlač. |9 273279 | |
| 710 | 2 | |a Sv. Alžbeta, úč. spol. (Košice, Slovensko), |d 1907-1949 |9 269489 | |
| 852 | |a SNK |b 10000 |h ČSB 1365 | ||
| 852 | |a UKB |b 300000 |h 20 B 258 | ||
| 852 | |a UKB |b 300000 |h SC 1053 | ||
| 999 | |c 8982 |d 10912 | ||


